The noble scholar, jurist, historian


 His Excellency Dr. Abdul Wahhab bin Ibrahim Abu Sulaiman, may Allah have mercy on him.


 He was born in Umm Al-Qura in the year 1356 AH.

لحيان بين العلا ومكة / (Record no. 11897)

MARC details
000 -LEADER
fixed length control field 03195cam a2200325 i 4500
003 - CONTROL NUMBER IDENTIFIER
control field SA-RiAUC
005 - DATE AND TIME OF LATEST TRANSACTION
control field 20250918070121.0
008 - FIXED-LENGTH DATA ELEMENTS--GENERAL INFORMATION
fixed length control field 250916s2004 su h g 00000 ara c
020 ## - INTERNATIONAL STANDARD BOOK NUMBER
International Standard Book Number 9960440486
024 0# - OTHER STANDARD IDENTIFIER
Standard number or code 00000000294227
040 ## - CATALOGING SOURCE
Original cataloging agency SA-JeALM
Language of cataloging ara
Transcribing agency SA-RiAUC
Modifying agency KAC
Description conventions rda
043 ## - GEOGRAPHIC AREA CODE
Geographic area code a-su---
050 #4 - LIBRARY OF CONGRESS CALL NUMBER
Item number .L34 2004
082 04 - DEWEY DECIMAL CLASSIFICATION NUMBER
Classification number 929.209531
Assigning agency SA-RiAUC
090 ## - LOCALLY ASSIGNED LC-TYPE CALL NUMBER (OCLC); LOCAL CALL NUMBER (RLIN)
Classification number (OCLC) (R) ; Classification number, CALL (RLIN) (NR) 929.209531
Local cutter number (OCLC) ; Book number/undivided call number, CALL (RLIN) ل ح ي
100 1# - MAIN ENTRY--PERSONAL NAME
Personal name اللحياني، مساعد منشط،
Dates associated with a name 1374 هجري-
Relator term مؤلف.
245 10 - TITLE STATEMENT
Title لحيان بين العلا ومكة /
Statement of responsibility, etc. إعداد مساعد بن منشط الغريفي اللحياني ؛ تصدير أ. د. عبد الرحمن الطيب الأنصاري.
250 ## - EDITION STATEMENT
Edition statement الطبعة الأولى.
264 #1 - PRODUCTION, PUBLICATION, DISTRIBUTION, MANUFACTURE, AND COPYRIGHT NOTICE
Place of production, publication, distribution, manufacture الرياض :
Name of producer, publisher, distributor, manufacturer مساعد بن منشط الغريفي اللحياني،
Date of production, publication, distribution, manufacture, or copyright notice 2004
300 ## - PHYSICAL DESCRIPTION
Extent 367 صفحة :
Other physical details مثليات ؛
Dimensions 21 × 14 سم
336 ## - CONTENT TYPE
Content type term نص
Content type code txt
Source rdacontent
Materials specified كتاب
337 ## - MEDIA TYPE
Media type term بدون وسيط
Media type code n
Source rdamedia
338 ## - CARRIER TYPE
Carrier type term مجلد
Carrier type code nc
Source rdacarrier
504 ## - BIBLIOGRAPHY, ETC. NOTE
Bibliography, etc. note ببليوجرافية : صفحة 353 -362.
505 0# - FORMATTED CONTENTS NOTE
Formatted contents note المحتويات : الفصل الأول : لحيان في العصر القديم : الوضع السياسي في المجتمع اللحياني : الوضع الديني في المجتمع اللحياني : الوضع الثقافي في المجتمع اللحياني : الوضع الاقتصادي في المجتمع اللحياني : الوضع الاجتماعي في المجتمع اللحياني : سقوط مملكة لحيان : زيارات المستشرقين لآثار مملكة لحيان : كتابات المستشرقين عن مملكة لحيان : كتابات العلماء العرب ودراستهم عن مملكة لحيان-الفصل الثاني : لحيان في العصر الجاهلي : منازل لحيان : أيام لحيان : دبانة لحيان : شعراء لحيان ونماذج من شعرهم : شاعرات لحيان ونماذج من شعرهن-الفصل الثالث : لحيان في العصر الإسلامي : منزل لحيان : لحيان ومحاربة الدعوة الإسلامية : لحيان تدخل الإسلام : المشاركة في الجهاد : المشاركة في الجانب السياسي-الفصل الرابع : أعلام بني لحيان من الصحابة والعلماء والمحدثين والقراء-الفصل الخامس : الحياة العامة عن لحيان في العصرين الجاهلي والإسلامي : الحياة العامة في العصر الجاهلي : الحياة العامة في العصر الإسلامي-الفصل السادس : لحيان في العصلر السعودي الزاهر : الحدود : المنازل : الجبال : الحرات : الأودية : وسم قبيلة لحيان-الفصل السابع : المعالم التاريخية والأثرية في الديار اللحيانية
650 #7 - SUBJECT ADDED ENTRY--TOPICAL TERM
Topical term or geographic name entry element القبائل العربية
Geographic subdivision السعودية
Source of heading or term aucsh
700 1# - ADDED ENTRY--PERSONAL NAME
Personal name الأنصاري، عبد الرحمن الطيب،
Dates associated with a name 1935-
Relator term مقدم.
942 ## - ADDED ENTRY ELEMENTS (KOHA)
Source of classification or shelving scheme Dewey Decimal Classification
Koha item type Books
Suppress in OPAC No
949 ## - LOCAL PROCESSING INFORMATION (OCLC)
a SA-JeALM
d 250916
u osman123
n 1

No items available.